000 00630nam a2200145Ia 4500
008 140724s9999 xx 000 0 und d
050 _aBF 637.C6
_b.M539 2010
100 _aMendosa, Nicolo Andrei C.
245 _aPossible causes of Cyber Addiction, Characteristics of a Cyber Addict and Effects of Cyber addiction in the academic performance and relationship of selected students residing in Las Piñas /
_cNicolo Andrei C. Mendosa.
260 _aLas Piñas, Philippines :
_bSouthville International School and Colleges,
_cc2010.
300 _a49 p. :
_bill. ;
_c28 cm.
521 _aPsychology
942 _cTH
999 _c228905
_d228905